000 00614nam a2200205 i 4500
001 47581
003 ES-MaACL
005 20230906161607.0
007 t|
008 030506s1916 sp ||||1| spa d
080 _a821.134.2-32"18"
100 1 _aTrigo, Felipe.
_9111409
245 1 3 _aLa altísima :
_brefundición hecha expresamente por su autor para La Novela Corta /
_cFelipe Trigo.
260 _aMadrid :
_bLa Novela Corta,
_c1916.
300 _a50 p. ;
_c19 cm.
490 1 _aLa novela corta ;
_v35
830 1 _aLa novela corta ;
_v35
_9182142
852 4 _aES-MaACL
_jG-4948(35)
999 _c47581
_d47581